00238nam a22000977a 4500082001400000100001800014245002600032260003800058300000800096650003600104 a547.2 WAN aWannigama,G.P aPericyclic Reactions  a University of Peradeniya:c2006. a86p achemistry, Pericyclic Reactions